[Event "MCR mladeze, Kouty 2018 - D16"]
[Site "Kouty nad Desnou"]
[Date "2018.03.15"]
[Round "7"]
[White "Holaskova, Veronika"]
[Black "Bohunovska, Tereza"]
[Result "1-0"]
[WhiteElo "1381"]
[BlackElo "1087"]
[EventDate "2018.03.10"]

1. e4  e6  2. d4  d6
3. Nf3  Be7  4. Nc3
Nf6  5. Bd3  Nbd7
6. Be3  b6  7. Qe2
Bb7  8. h3  O-O
9. e5  Bxf3  10. Qxf3  dxe5
11. O-O-O  exd4  12. Bxd4
Nc5  13. Bxc5  Bxc5
14. Be4  Qe7  15. Bxa8
b5  16. Nxb5  1-0

[Event "MCR mladeze, Kouty 2018 - D16"]
[Site "Kouty nad Desnou"]
[Date "2018.03.15"]
[Round "7"]
[White "Kralova, Gabriela"]
[Black "Landsmannova, Marie Magdal"]
[Result "1/2-1/2"]
[WhiteElo "1362"]
[BlackElo "1142"]
[EventDate "2018.03.10"]

1. d4  Nf6  2. Nf3  g6
3. Bf4  Bg7  4. e3
e6  5. c4  c6
6. Nc3  d5  7. cxd5  exd5
8. Be2  O-O  9. O-O
Bf5  10. Be5  Re8
11. h4  h5  12. Rc1
Nbd7  13. Bd3  Bg4
14. Be2  Bxf3  15. Bxf3
Nxe5  16. dxe5  Rxe5
17. g3  Rc8  18. Bg2
b5  19. Qd4  Re7
20. Qc5  a6  21. Ne2
Ne4  22. Qc2  Qa5
23. a3  c5  24. Nf4
Qd8  25. Rfd1  Nf6
26. Nxd5  Nxd5  27. Rxd5
Qb6  28. b3  c4
29. b4  Rd8  1/2-1/2

[Event "MCR mladeze, Kouty 2018 - D16"]
[Site "Kouty nad Desnou"]
[Date "2018.03.16"]
[Round "8"]
[White "Gresova, Zuzana"]
[Black "Laurincova, Kristyna"]
[Result "1/2-1/2"]
[WhiteElo "1872"]
[BlackElo "1825"]
[EventDate "2018.03.10"]

1. c4  c5  2. Nc3  Nc6
3. Nf3  g6  4. g3
Bg7  5. Bg2  e6
6. e3  d5  7. cxd5  exd5
8. d4  cxd4  9. Nxd4
Nge7  10. O-O  O-O
11. a3  Re8  12. Re1
Bd7  13. Nxd5  Nxd5
14. Bxd5  Nxd4  15. exd4
Rxe1+  16. Qxe1  Bxd4
17. Be3  Bxb2  18. Rb1
Bf5  19. Bxb7  Bxb1
20. Bxa8  Bc2  21. Bf3
a5  1/2-1/2

[Event "MCR mladeze, Kouty 2018 - D16"]
[Site "Kouty nad Desnou"]
[Date "2018.03.16"]
[Round "8"]
[White "Markova, Kristyna"]
[Black "Nemcova, Karin"]
[Result "0-1"]
[WhiteElo "1633"]
[BlackElo "1997"]
[EventDate "2018.03.10"]

1. d4  d5  2. Nc3  Nf6
3. Bg5  Bf5  4. e3
Nbd7  5. Bd3  Bxd3
6. cxd3  e6  7. Nf3
Be7  8. O-O  O-O
9. e4  dxe4  10. dxe4
h6  11. Bf4  Nb6
12. Rc1  c6  13. b3
Bb4  14. Qe2  Qe7
15. Rfd1  Rfd8  16. Rd3
c5  17. dxc5  Bxc5
18. Rcd1  Rac8  19. Qd2
Rxd3  20. Qxd3  Bxf2+
21. Kh1  Bc5  22. h3
a6  23. Be3  Bxe3
24. Qxe3  Qb4  25. Rd3
Qc5  26. Qxc5  Rxc5
27. e5  Nfd5  28. Ne4
Rc1+  29. Kh2  Nd7
30. Rd4  Rc2  31. Rd2
Rxd2  32. Nexd2  Kf8
33. Ne4  Nb4  34. a4
Nc6  35. Nd6  Ndxe5
36. Nxb7  Nxf3+  37. gxf3
Ke7  38. Nc5  a5
39. Kg2  Kd6  40. Ne4+
Kd5  41. Kf2  f5
42. Nd2  Kd4  43. Nc4
Kc3  44. Nd6  Kxb3
45. Ne8  g6  0-1

[Event "MCR mladeze, Kouty 2018 - D16"]
[Site "Kouty nad Desnou"]
[Date "2018.03.16"]
[Round "8"]
[White "Postranecka, Zuzana"]
[Black "Koubova, Anna Marie"]
[Result "1-0"]
[WhiteElo "1463"]
[BlackElo "1943"]
[EventDate "2018.03.10"]

1. e4  c5  2. Nf3  d6
3. c3  Nf6  4. Be2
Nc6  5. d4  cxd4
6. cxd4  Nxe4  7. O-O
d5  8. Bb5  e6
9. Ne5  Bd7  10. Bxc6  Bxc6
11. Nd2  Nxd2  12. Bxd2
Bd6  13. Nxc6  bxc6
14. Qg4  O-O  15. Rac1
Rc8  16. Rc3  Qe7
17. f4  c5  18. f5
exf5  19. Rxf5  Qe6
20. Re3  Qd7  21. Rh3
f6  22. Rxh7  Qf7
23. Rfh5  Qe7  24. Qg6
1-0

[Event "MCR mladeze, Kouty 2018 - D16"]
[Site "Kouty nad Desnou"]
[Date "2018.03.16"]
[Round "8"]
[White "Vilimova, Julie"]
[Black "Urbanova, Daniela"]
[Result "1/2-1/2"]
[WhiteElo "1751"]
[BlackElo "1668"]
[EventDate "2018.03.10"]

1. d4  d5  2. c4  e6
3. Nc3  Nf6  4. cxd5
exd5  5. Bg5  Be7
6. e3  O-O  7. Bd3
Nbd7  8. Qc2  c6
9. Nf3  Re8  10. O-O-O
h6  11. Bf4  Nb6
12. Rdg1  Bd6  13. Ne5
Bxe5  14. Bxe5  Nc4
15. Bxf6  Qxf6  16. g4
g5  17. Rg3  b5
18. Rhg1  Bd7  19. R3g2  Kg7
20. h4  Nd6  21. Ne2
Ne4  22. Ng3  Nxg3
23. Rxg3  Kf8  24. hxg5
hxg5  25. Bf5  Ke7
26. Qc5+  Qd6  27. Qxd6+
Kxd6  28. Bxd7  Kxd7
29. Rh3  f6  30. Rh7+
Re7  31. Rxe7+  Kxe7
32. Rh1  a5  33. Rh7+
Ke6  34. Rc7  Kd6
35. Rf7  Ke6 1/2-1/2

[Event "MCR mladeze, Kouty 2018 - D16"]
[Site "Kouty nad Desnou"]
[Date "2018.03.16"]
[Round "8"]
[White "Otrubova, Kristyna"]
[Black "Bartosova, Hana"]
[Result "1/2-1/2"]
[WhiteElo "1781"]
[BlackElo "1627"]
[EventDate "2018.03.10"]

1. d4  Nf6  2. c4  c5
3. g3  cxd4  4. Qxd4
Nc6  5. Qd1  d6
6. Bg2  g6  7. Nf3  Bg7
8. O-O  O-O  9. Nc3
Bg4  10. h3  Bd7
11. Be3  Qc8  12. Kh2
Na5  13. b3  Ng4+
14. hxg4  Bxc3  15. Rc1
Bb2  16. Rc2  Bg7
17. c5  Nc6  18. cxd6
exd6  19. Qxd6  Bxg4
20. Nd4  Bxd4  21. Bxd4
Qf5  22. Rc5  Rfd8
23. Qf6  Qxf6  24. Bxf6
Rd6  25. Bxc6  bxc6
26. Be5  Re6  27. f3
Rae8  28. f4  f6
29. Bd4  Rxe2+  30. Rf2
Rxf2+  31. Bxf2  Re2
32. Kg2  Rxa2  33. Rxc6
a5  34. Rxf6  Kg7
1/2-1/2

[Event "MCR mladeze, Kouty 2018 - D16"]
[Site "Kouty nad Desnou"]
[Date "2018.03.16"]
[Round "8"]
[White "Richterova, Julie"]
[Black "Janosova, Katerina Anna"]
[Result "1-0"]
[WhiteElo "1877"]
[BlackElo "1295"]
[EventDate "2018.03.10"]

1. d4  d5  2. c4  e6
3. Nc3  Nf6  4. Bg5
c6  5. cxd5  exd5
6. e3  g6  7. Bd3
Bg7  8. Nf3  O-O
9. Qc2  Re8  10. O-O
Be6  11. b4  b5
12. Ne5  Qd6  13. a3  a6
14. Bf4  Qd8  15. a4
Qb6  16. axb5  cxb5
17. Nxb5  Nc6  18. Qxc6
Qxc6  19. Nxc6  axb5
20. Bxb5  Bd7  21. Rxa8
Rxa8  22. Ne7+  Kf8
23. Bxd7  Kxe7  24. Bc6
Rc8  25. b5  1-0

[Event "MCR mladeze, Kouty 2018 - D16"]
[Site "Kouty nad Desnou"]
[Date "2018.03.16"]
[Round "8"]
[White "Rosenbaumova, Lea"]
[Black "Beranova, Karin"]
[Result "1/2-1/2"]
[WhiteElo "1692"]
[BlackElo "1453"]
[EventDate "2018.03.10"]

1. e4  e5  2. Nf3  Nc6
3. Bb5  Nd4  4. Nxd4
exd4  5. d3  c6
6. Bc4  d5  7. exd5  cxd5
8. Bb5+  Bd7  9. Bxd7+
Qxd7  10. O-O  Bc5
11. Nd2  Ne7  12. Nf3
O-O  13. a3  a5
14. Bf4  Rfe8  15. Ne5  Qf5
16. Qf3  f6  17. Rfe1
fxe5  18. Rxe5  Qf6
19. Rae1  Bd6  20. Re6
Qxf4  21. Qxf4  Bxf4
22. Rxe7  Rxe7  23. Rxe7
Rc8  24. g3  Rc7
25. Re8+  Kf7  26. Rd8
Bc1  27. Rxd5  Bxb2
28. Rxa5  Rxc2  29. a4
Ke6  30. Rb5  Bc3
31. Rxb7  Kf6  32. Rb6+
Kf7  33. Rb7+  Kf6
1/2-1/2

[Event "MCR mladeze, Kouty 2018 - D16"]
[Site "Kouty nad Desnou"]
[Date "2018.03.16"]
[Round "8"]
[White "Kalousova, Julie"]
[Black "Holaskova, Veronika"]
[Result "1-0"]
[WhiteElo "1436"]
[BlackElo "1381"]
[EventDate "2018.03.10"]

1. c4  e5  2. Nc3  Nf6
3. g3  Bb4  4. Bg2
c6  5. Nf3  e4
6. Ng5  d5  7. cxd5  cxd5
8. O-O  h6  9. Nh3
O-O  10. Qb3  Nc6
11. e3  d4  12. Ne2
Be6  13. Qd1  Bg4
14. Qe1  d3  15. Nc3
Bxc3  16. bxc3  Ne5
17. Kh1  Qd7  18. Ng1
Qf5  19. h3  Bf3
20. Ba3  Rfe8  21. Rb1
b6  22. Kh2  Nfg4+
23. Kh1  Re6  24. Rb5
a6  25. Rd5  Nf6
26. Rd4  Bxg2+  27. Kxg2
Nf3  28. Nxf3  Qxf3+
29. Kh2  Re5  30. Qd1
Qf5  31. f3  exf3
32. Qxf3  Qg6  33. Qxa8+
Kh7  34. Qg2  Ra5
35. Be7  Rxa2  36. Bxf6
gxf6  37. Rd6  Kg7
38. Rxb6  a5  39. Qf2
a4  40. Rxf6  Qh5
41. Rxf7+  Kg8  42. Rf8+
Kg7  43. Qf6+  1-0

[Event "MCR mladeze, Kouty 2018 - D16"]
[Site "Kouty nad Desnou"]
[Date "2018.03.16"]
[Round "8"]
[White "Otahalova, Nela"]
[Black "Jankovska, Hana"]
[Result "1-0"]
[WhiteElo "1214"]
[BlackElo "1069"]
[EventDate "2018.03.10"]

1. e4  e6  2. d4  d5
3. exd5  exd5  4. c4
Nf6  5. Nc3  c6
6. Nf3  Be7  7. Bd3  O-O
8. O-O  Bg4  9. Be3
b6  10. cxd5  Nxd5
11. Nxd5  Qxd5  12. Be2
Nd7  13. Qc2  Nf6
14. Bc4  Qh5  15. Ne5
Bd6  16. Nxg4  Nxg4
17. h3  Rae8  18. Rae1
b5  19. Bd3  f5
20. Qb3+  Kh8  21. Be2  Qh4
22. Bd2  Rf6  23. Bxg4
Ref8  24. g3  fxg4
25. gxh4  Rf3  26. Re3
h5  27. Bb4  Bxb4
28. Qxb4  R8f6  29. Rxf3
gxf3  30. Kh2  1-0

[Event "MCR mladeze, Kouty 2018 - D16"]
[Site "Kouty nad Desnou"]
[Date "2018.03.16"]
[Round "8"]
[White "Landsmannova, Marie Magdal"]
[Black "Lorencova, Michaela"]
[Result "1/2-1/2"]
[WhiteElo "1142"]
[BlackElo "1463"]
[EventDate "2018.03.10"]

1. e4  e5  2. Nf3  Nf6
3. Nxe5  d6  4. Nf3
Nxe4  5. Nc3  Nxc3
6. dxc3  Bg4  7. Be3
Be7  8. h3  Be6
9. Qd2  Nd7  10. Bd3  c6
11. b3  Qc7  12. O-O
O-O-O  13. a4  h6
14. b4  Ne5  15. Nd4
Nxd3  16. Nxe6  fxe6
17. cxd3  g5  18. g3
Bf6  19. a5  Kb8
20. Rfb1  Qg7  21. Ra3
Qd7  22. Qe2  Rdf8
23. Qh5  e5  24. c4
Bg7  25. b5  c5
26. h4  gxh4  1/2-1/2

[Event "MCR mladeze, Kouty 2018 - D16"]
[Site "Kouty nad Desnou"]
[Date "2018.03.16"]
[Round "8"]
[White "Kralova, Gabriela"]
[Black "Vanharova, Lucie"]
[Result "1-0"]
[WhiteElo "1362"]
[BlackElo "1169"]
[EventDate "2018.03.10"]

1. d4  d5  2. Nf3  Nc6
3. Bf4  Bf5  4. e3
Nb4  5. Bd3  Nxd3+
6. cxd3  Nf6  7. O-O
e6  8. Qb3  b6
9. Nbd2  Be7 10. Rac1  Rc8  11.
Ne5  c5  12. Qb5+  Nd7
13. Qa4  Bf6  14. Nc6
Rxc6  15. Qxc6  O-O
16. Nf3  Qc8  17. Qxc8
Rxc8  18. Rfd1  h6
19. b4  g5  20. Be5
Bxe5  21. Nxe5  Nxe5
22. dxe5  g4  23. bxc5
Rxc5 24. Rxc5 bxc5  25. Kf1  c4
26. dxc4  dxc4  27. Rc1
Bd3+  28. Ke1  Kg7
29. Kd2  Kg6  30. f4
Kf5  31. g3  Ke4
32. h3 Kf3 33. hxg4  Kxg4  34.
Rh1  Kxg3  35. Rxh6  Kf3
36. Rf6  Bg6  37. a4
Ke4  38. Kc3  Kd5
39. Kb4  a6  40. Kc3
a5  41. e4+  Bxe4
42. Rxf7  Bd3  43. Ra7 Ke4
44. Rxa5  Kxf4  45. Rb5
Kf5  46. a5  Kf4
47. a6  Kf5  48. a7
Be4  49. Kxc4  Bf3
50. Kd4  Kf4  51. Rb8
Bg2  52. a8=Q  Bxa8
53. Rxa8  1-0

[Event "MCR mladeze, Kouty 2018 - D16"]
[Site "Kouty nad Desnou"]
[Date "2018.03.16"]
[Round "8"]
[White "Bohunovska, Tereza"]
[Black "Houdkova, Barbora"]
[Result "1/2-1/2"]
[WhiteElo "1087"]
[BlackElo "1173"]
[EventDate "2018.03.10"]

1. e4  e5  2. Nf3  Nc6
3. Bb5  Nd4  4. Nxd4
exd4  5. d3  c6
6. Bc4  Bc5  7. Bf4  d5
8. exd5  cxd5  9. Bb5+
Bd7  10. Bxd7+  Qxd7
11. O-O  Nf6  12. Nd2
O-O  13. Re1  Qf5
14. Qf3  Rac8  15. Re5
Qg6  16. Rg5  Qh6
17. Rxd5  Qh4  18. Rg5
Rfe8  1/2-1/2

[Event "Mistrovstvi CR junioru a dorostencu 2018"]
[Site "?"]
[Date "2018.03.09"]
[Round "1"]
[White "Novy, Filip"]
[Black "Hollan, Martin"]
[Result "0-1"]
[WhiteElo "2143"]
[BlackElo "2210"]
[PlyCount "52"]
[EventDate "2018.??.??"]

1. e4 e5 2. Nf3 Nc6 3. Bc4 Bc5 4. O-O Nf6 5. Nc3 d6 6. d3 Bg4 7. Na4 Nd4 8.
Nxc5 dxc5 9. Be3 Qd6 10. Bxd4 cxd4 11. Kh1 O-O-O 12. Qd2 Bxf3 13. gxf3 Nh5 14.
Qg5 g6 15. b4 Kb8 16. a4 Rdf8 17. b5 f5 18. b6 cxb6 19. a5 fxe4 20. axb6 axb6
21. fxe4 Rf3 22. Rfb1 h6 23. Qg1 Rhf8 24. Rb5 Rxf2 25. Rab1 Qf6 26. Qd1 Qf4 0-1

[Event "Mistrovstvi CR junioru a dorostencu 2018"]
[Site "?"]
[Date "2018.03.09"]
[Round "1"]
[White "Kozusek, Daniel"]
[Black "Simet, Martin"]
[Result "1-0"]
[WhiteElo "2250"]
[BlackElo "2175"]
[PlyCount "95"]
[EventDate "2018.??.??"]

1. d4 Nf6 2. Nf3 e6 3. Bf4 d5 4. e3 c5 5. c3 Nc6 6. Nbd2 Bd6 7. Bg3 Qe7 8. Bd3
e5 9. dxc5 Bxc5 10. e4 Bg4 11. exd5 Nxd5 12. O-O O-O-O 13. Qa4 h5 14. h3 Bd7
15. Qc2 h4 16. Bh2 Bb6 17. b4 f6 18. a3 Be6 19. Be4 Nc7 20. a4 a5 21. Nb3 axb4
22. a5 Bxb3 23. Qxb3 Nxa5 24. Qb1 b3 25. Rxa5 Bxa5 26. Qxb3 b6 27. Qa2 Qc5 28.
Nd2 Qxc3 29. Nb3 Qb4 30. Bf5+ Kb8 31. Rb1 Ka7 32. Kh1 Nd5 33. Bg1 Nc3 34. Nxa5
Nxa2 35. Nc6+ Kb7 36. Nxb4 Nxb4 37. Rxb4 Rd4 38. Rb1 Rd6 39. f3 Rhd8 40. Ra1
Rd1 41. Be4+ Kc8 42. Ra8+ Kd7 43. Bf5+ Ke7 44. Ra7+ Kf8 45. Kh2 Rc1 46. Be3 Rc6
47. Rb7 Rd1 48. Bg6 1-0

[Event "Mistrovstvi CR junioru a dorostencu 2018"]
[Site "?"]
[Date "2018.03.09"]
[Round "1"]
[White "Stepan, Patrik"]
[Black "Husek, Martin"]
[Result "1/2-1/2"]
[WhiteElo "2226"]
[BlackElo "2203"]
[PlyCount "50"]
[EventDate "2018.??.??"]

1. d4 Nf6 2. c4 g6 3. Nc3 d5 4. cxd5 Nxd5 5. e4 Nxc3 6. bxc3 Bg7 7. Be3 c5 8.
Rc1 Qa5 9. Qd2 O-O 10. Nf3 Bg4 11. Be2 Rd8 12. d5 c4 13. Nd4 Bxe2 14. Qxe2 e6
15. Qxc4 exd5 16. exd5 Nd7 17. Qb5 Qxb5 18. Nxb5 a6 19. Nd4 Ne5 20. Ke2 Rxd5
21. Rhd1 Nc4 22. Rb1 Nd6 23. Rd3 Rc8 24. Rb6 Rc7 25. Bf4 Rd7 1/2-1/2

[Event "Mistrovstvi CR junioru a dorostencu 2018"]
[Site "?"]
[Date "2018.03.09"]
[Round "1"]
[White "Liska, Jiri"]
[Black "Zeman, Matyas"]
[Result "1-0"]
[WhiteElo "2341"]
[BlackElo "2240"]
[PlyCount "111"]
[EventDate "2018.??.??"]

1. Nf3 d5 2. d4 Nf6 3. c4 c6 4. Nc3 e6 5. g3 Nbd7 6. Bg2 Be7 7. O-O O-O 8. b3
b6 9. Qc2 Bb7 10. Rd1 Rc8 11. e4 dxe4 12. Ng5 h6 13. Ngxe4 Nxe4 14. Nxe4 Nf6
15. Bf4 Qd7 16. c5 Nxe4 17. Bxe4 Rfe8 18. Be5 f6 19. Bf4 g5 20. Be3 f5 21. Bd3
Bf6 22. Bc4 b5 23. Bf1 Qg7 24. Bg2 Kh8 25. Rd3 Rcd8 26. Rad1 Rd7 27. b4 Red8
28. Qb3 Qe7 29. a4 a6 30. R3d2 Kg7 31. axb5 axb5 32. h3 Qf7 33. f4 Qe7 34. Bf2
Qf7 35. Re1 Re7 36. Rde2 Rde8 37. Kh2 Kg8 38. Bf3 Kh8 39. Qa2 Ra8 40. Qb3 Rae8
41. g4 Qg8 42. Qd3 Qg6 43. Bg3 gxf4 44. Bxf4 Bh4 45. Rg1 Rg8 46. Be5+ Bf6 47.
Qe3 Kh7 48. Rgg2 Bg5 49. Qd3 Qf7 50. Ref2 Bf6 51. Bd6 Bh4 52. Rf1 Ree8 53. Be4
Ra8 54. gxf5 Rxg2+ 55. Bxg2 Kg8 56. Qe4 1-0

[Event "Mistrovstvi CR junioru a dorostencu 2018"]
[Site "?"]
[Date "2018.03.09"]
[Round "1"]
[White "Havelka, Josef"]
[Black "Hurdzan, Tomas"]
[Result "1/2-1/2"]
[WhiteElo "2333"]
[BlackElo "2202"]
[PlyCount "69"]
[EventDate "2018.??.??"]

1. e4 c5 2. Nf3 Nc6 3. d4 cxd4 4. Nxd4 Nf6 5. Nc3 d6 6. Bc4 e6 7. Be3 Be7 8.
Qe2 O-O 9. O-O-O a6 10. Bb3 Qc7 11. Rhg1 Nd7 12. g4 Nc5 13. Nf5 b5 14. Bd5 Bb7
15. g5 Rfc8 16. Nxg7 Kxg7 17. Rg3 Rg8 18. Rh3 Kf8 19. Rxh7 Nd8 20. Qh5 Ke8 21.
Bxb7 Ncxb7 22. f4 b4 23. f5 bxc3 24. fxe6 Bxg5 25. Bxg5 cxb2+ 26. Kb1 Nxe6 27.
Rh8 Rxh8 28. Qxh8+ Nf8 29. Bh6 Qe7 30. e5 d5 31. Rxd5 Nd8 32. Bxf8 Qxf8 33. Qh3
Qb4 34. Qh8+ Qf8 35. Qh3 1/2-1/2

[Event "Mistrovstvi CR junioru a dorostencu 2018"]
[Site "?"]
[Date "2018.03.09"]
[Round "1"]
[White "Pychova, Nela"]
[Black "Rastocny, Josef"]
[Result "1/2-1/2"]
[WhiteElo "2127"]
[BlackElo "2098"]
[PlyCount "94"]
[EventDate "2018.??.??"]

1. c4 g6 2. Nc3 Bg7 3. g3 c5 4. Bg2 Nf6 5. Nf3 O-O 6. O-O Nc6 7. d3 d6 8. a3 a5
9. Bd2 Rb8 10. Rb1 Bg4 11. h3 Bd7 12. Nb5 b6 13. b3 Qc8 14. Kh2 Nd8 15. b4 axb4
16. axb4 Bxb5 17. cxb5 Ne6 18. bxc5 bxc5 19. Ba5 Nd7 20. Qb3 Nb6 21. Rfc1 Qd7
22. Rc2 Rfc8 23. e3 Rc7 24. Nd2 Ra7 25. Bc6 Qc8 26. Bxb6 Rxb6 27. Nc4 Rb8 28.
Ra2 Rxa2 29. Qxa2 Nd8 30. Bg2 Qd7 31. Qa6 d5 32. Na5 e6 33. Nc6 Nxc6 34. bxc6
Qd8 35. Rxb8 Qxb8 36. Qa5 Bf8 37. e4 dxe4 38. Bxe4 Bd6 39. Qc3 h5 40. Qf6 Qe8
41. Kg2 Bc7 42. Qg5 Bd6 43. Bf3 Kg7 44. Qc1 Qe7 45. Qa1+ Kg8 46. Qa8+ Kg7 47.
Bd1 h4 1/2-1/2

[Event "Mistrovstvi CR junioru a dorostencu 2018"]
[Site "Kouty nad Desnou"]
[Date "2018.03.10"]
[Round "2"]
[White "Hollan, Martin"]
[Black "Rastocny, Josef"]
[Result "1-0"]
[WhiteElo "2210"]
[BlackElo "2098"]
[EventDate "2018.03.09"]
[PlyCount "61"]

1. d4 Nf6 2. Nf3 g6 3. c4 Bg7 4. Nc3 O-O 5. e4 d6 6. Be2 e5 7. O-O Nc6 8. d5
Ne7 9. b4 Ne8 10. a4 f5 11. a5 Nf6 12. Bg5 h6 13. Bxf6 Rxf6 14. Nd2 fxe4 15.
Ndxe4 Rf8 16. c5 Bf5 17. Rc1 Rc8 18. g4 Bxe4 19. Nxe4 Rf4 20. f3 Kh8 21. Bc4
Ng8 22. Ba2 Nf6 23. Bb1 Nxe4 24. Bxe4 Qf6 25. Qd3 h5 26. cxd6 Qxd6 27. g5 Rcf8
28. a6 Qe7 29. axb7 Qxg5+ 30. Kh1 Rh4 31. Rxc7 1-0

[Event "Mistrovstvi CR junioru a dorostencu 2018"]
[Site "Kouty nad Desnou"]
[Date "2018.03.10"]
[Round "2"]
[White "Hurdzan, Tomas"]
[Black "Pychova, Nela"]
[Result "1/2-1/2"]
[WhiteElo "2202"]
[BlackElo "2127"]
[EventDate "2018.03.09"]
[PlyCount "56"]

1. e4 e5 2. Nf3 Nf6 3. Nxe5 d6 4. Nf3 Nxe4 5. d4 d5 6. Bd3 Bd6 7. O-O O-O 8. c4
c6 9. Nc3 Nxc3 10. bxc3 dxc4 11. Bxc4 Bg4 12. Qd3 Nd7 13. Re1 Qc7 14. h3 Bh5
15. Nh4 Nb6 16. Bb3 Nd5 17. Qf5 Bg6 18. Nxg6 hxg6 19. Qf3 Rfe8 20. Bd2 Qd7 21.
c4 Nf6 22. Bg5 Nh7 23. Bf4 Bxf4 24. Qxf4 Nf6 25. Rad1 Rad8 26. Re5 Re7 27. Qe3
Rde8 28. Re1 Kf8 1/2-1/2

[Event "Mistrovstvi CR junioru a dorostencu 2018"]
[Site "Kouty nad Desnou"]
[Date "2018.03.10"]
[Round "2"]
[White "Zeman, Matyas"]
[Black "Havelka, Josef"]
[Result "0-1"]
[WhiteElo "2240"]
[BlackElo "2333"]
[EventDate "2018.03.09"]
[PlyCount "50"]

1. e4 c5 2. Nf3 Nc6 3. d4 cxd4 4. Nxd4 Nf6 5. Nc3 d6 6. Bg5 e6 7. Qd2 a6 8.
O-O-O Bd7 9. f4 Be7 10. Nf3 b5 11. e5 b4 12. exf6 bxc3 13. Qxc3 gxf6 14. f5 d5
15. Be2 Nb4 16. Kb1 Rc8 17. Bxf6 Bxf6 18. Qxb4 Rb8 19. Qa3 Bxb2 20. Qxb2 Rxb2+
21. Kxb2 O-O 22. Rd4 Qb6+ 23. Kc1 Rb8 24. Rhd1 e5 25. Rxd5 Qe3+ 0-1

[Event "Mistrovstvi CR junioru a dorostencu 2018"]
[Site "Kouty nad Desnou"]
[Date "2018.03.10"]
[Round "2"]
[White "Husek, Martin"]
[Black "Liska, Jiri"]
[Result "0-1"]
[WhiteElo "2203"]
[BlackElo "2341"]
[EventDate "2018.03.09"]
[PlyCount "64"]

1. e4 c5 2. Nf3 Nc6 3. d4 cxd4 4. Nxd4 Nf6 5. Nc3 e5 6. Ndb5 d6 7. Bg5 a6 8.
Na3 b5 9. Bxf6 gxf6 10. Nd5 Be6 11. Bd3 f5 12. O-O Bg7 13. Qh5 f4 14. c4 b4 15.
Nc2 Rb8 16. g3 O-O 17. Kh1 Qc8 18. gxf4 Bg4 19. Qh4 Bf3+ 20. Kg1 f5 21. Rae1 b3
22. axb3 Rxb3 23. Re3 Rxd3 24. Rxd3 fxe4 25. Rxf3 exf3 26. Ncb4 Kh8 27. Nxc6
Qxc6 28. f5 Qe8 29. Qg4 e4 30. Re1 Be5 31. Qxe4 Rg8+ 32. Kf1 Rg1+ 0-1

[Event "Mistrovstvi CR junioru a dorostencu 2018"]
[Site "Kouty nad Desnou"]
[Date "2018.03.10"]
[Round "2"]
[White "Simet, Martin"]
[Black "Stepan, Patrik"]
[Result "0-1"]
[WhiteElo "2175"]
[BlackElo "2226"]
[EventDate "2018.03.09"]
[PlyCount "40"]

1. e4 c5 2. Nf3 e6 3. d4 cxd4 4. Nxd4 Nf6 5. Nc3 d6 6. Rg1 Nc6 7. g4 h6 8. h4
h5 9. g5 Ng4 10. Be2 Qb6 11. Bxg4 hxg4 12. Nxc6 bxc6 13. Qxg4 d5 14. g6 f6 15.
h5 Bc5 16. Qf3 Ba6 17. h6 O-O-O 18. Bd2 Qxb2 19. Rb1 Qxc2 20. Rc1 Qxd2+ 0-1

[Event "Mistrovstvi CR junioru a dorostencu 2018"]
[Site "Kouty nad Desnou"]
[Date "2018.03.10"]
[Round "2"]
[White "Novy, Filip"]
[Black "Kozusek, Daniel"]
[Result "1-0"]
[WhiteElo "2143"]
[BlackElo "2250"]
[EventDate "2018.03.09"]
[PlyCount "147"]

1. e4 c5 2. Nf3 e6 3. d4 cxd4 4. Nxd4 Nc6 5. Be2 Nf6 6. Nc3 Bb4 7. O-O Qc7 8.
Ndb5 Qb8 9. a3 Be7 10. Kh1 O-O 11. f4 d6 12. Bf3 Rd8 13. Be3 b6 14. Qe1 Bb7 15.
Rd1 Bf8 16. Qf2 Na5 17. Nxa7 Nc4 18. Nab5 Nxb2 19. Rb1 Nc4 20. Bxb6 Nxb6 21.
Qxb6 Nd7 22. Qe3 Nc5 23. Rfd1 Rc8 24. Qd4 Ra6 25. e5 d5 26. Be2 Rac6 27. Rb2
Qa8 28. Rdb1 Ba6 29. h3 Nd7 30. Rb3 g6 31. Qa7 Qxa7 32. Nxa7 Rxc3 33. Nxc8 Rxb3
34. Rxb3 Bxe2 35. a4 Nc5 36. Ra3 Ne4 37. Rb3 Bc5 38. a5 Kg7 39. Kh2 g5 40. fxg5
Bd4 41. g3 Bxe5 42. Ra3 Ba6 43. Na7 Nc5 44. Nc6 Bb2 45. Ra2 Bc3 46. Nb8 d4 47.
Nxa6 Nxa6 48. Ra3 Bb4 49. Ra1 e5 50. g4 Kf8 51. Rf1 e4 52. Kg2 Ke7 53. Rf4 Nc5
54. a6 e3 55. a7 e2 56. a8=Q e1=Q 57. Qa7+ Kd6 58. Rf6+ Ke5 59. Qe7+ Ne6 60.
Rf5+ Ke4 61. Qb7+ Ke3 62. Re5+ Kf4 63. Rxe1 Bxe1 64. Qxf7+ Ke5 65. Qxh7 Bd2 66.
Qf5+ Kd6 67. g6 Bh6 68. h4 d3 69. cxd3 Ke7 70. d4 Kd6 71. Qe5+ Kd7 72. d5 Nf4+
73. Kf3 Nxg6 74. Qe6+ 1-0

[Event "Mistrovstvi CR junioru a dorostencu 2018"]
[Site "Kouty nad Desnou"]
[Date "2018.03.11"]
[Round "3"]
[White "Kozusek, Daniel"]
[Black "Hollan, Martin"]
[Result "0-1"]
[WhiteElo "2250"]
[BlackElo "2210"]
[EventDate "2018.03.09"]

1. d4  Nf6  2. Nf3  g6
3. Bg5  Bg7  4. Nbd2
d5  5. c3  O-O
6. e3  Nbd7  7. Be2  Re8
8. O-O  e5  9. h3
h6  10. Bh4  e4
11. Nh2  Nf8  12. c4  g5
13. Bg3  Ng6  14. Rc1
c5  15. dxc5  d4
16. exd4  Qxd4  17. b4
e3  18. Nb3  Qxd1
19. Rfxd1  exf2+  20. Kf1
Ne4  21. Bxf2  Nc3
22. Rd2  Ne4  23. Rdd1
Nc3  24. Re1  Nxa2
25. Bf3  Ne5  26. Rcd1
Nxb4  27. Na5  Rb8
28. Bg3  Bf5  29. Bxb7
Nbd3  30. c6  Nxe1
31. c7  Nc2  32. cxb8=Q
Rxb8  33. Kg1  Rxb7
34. Nxb7  Nxc4  35. Nf3
a5  36. Nxa5  Nxa5
37. Rd5  Be4  38. Rxa5
Bxf3  39. gxf3  Nd4
40. Kf2  Kh7  41. f4
Kg6  42. Ke3  Nf5+
43. Kf3  Nxg3  44. Kxg3
f5  45. Kf3  Bd4
46. Ra8  Bb2  47. Rc8
Bd4  48. Rc6+  Kh5
49. h4  gxh4  50. Rc4
Bg1  51. Kg2  Be3
52. Kf3  Bg1  53. Rc1
Bd4  54. Rd1  Bf6
55. Rg1  Bd8  56. Rg7
Bf6  57. Rg8  Be7
58. Rb8  Kg6  59. Rb6+
Kh5  60. Rc6  Bd8
61. Re6  h3  62. Kg3
h2  63. Re1  Bh4+
0-1

[Event "Mistrovstvi CR junioru a dorostencu 2018"]
[Site "Kouty nad Desnou"]
[Date "2018.03.11"]
[Round "3"]
[White "Stepan, Patrik"]
[Black "Novy, Filip"]
[Result "1/2-1/2"]
[WhiteElo "2226"]
[BlackElo "2143"]
[EventDate "2018.03.09"]

1. d4  Nf6  2. c4  e6
3. Nf3  c5  4. d5
exd5  5. cxd5  d6
6. Nc3  g6  7. Nd2
Bg7  8. e4  O-O
9. Be2  Na6  10. O-O  Nc7
11. a4  b6  12. Kh1
Rb8  13. Nc4  Re8
14. f3  Ba6  15. Qc2
Qd7  16. b3  Bxc4
17. bxc4  Na6  18. a5
Nb4  19. Qa4  Qd8
20. Bd2  Nh5  21. Ra3
Be5  22. f4  Bxc3
23. Bxc3  Rxe4  24. Bxh5
gxh5  25. Qd1  Qh4
26. Be1  Qe7  27. Rg3+
Kf8  28. Bc3  Re2
29. Bg7+  Ke8  30. axb6
Rxb6  31. Bf6  Qe4
32. Rg8+  Kd7  33. Qa4+
Nc6  34. dxc6+  Qxc6
35. Qxa7+  Qb7  36. Qa4+
Qc6  37. Qxc6+  Kxc6
38. Rg7  Re4  39. Kg1
Rb7  40. Rxh7  Rxc4
41. Rxh5  d5  42. h4
d4  43. Rh8  d3
44. Rd8  Rd7  45. Rxd7  Kxd7
46. Rd1  Ke6  47. Be5
f6  48. Bxf6  Kxf6
49. Rxd3  Kf5  50. h5
Kxf4  51. Rd5  Kg3
52. Kf1  Rf4+  53. Kg1
c4  54. h6  Rh4
55. Rd6  Rh5  56. Rc6  Kg4
57. Rxc4+  Kg5  58. Rc6
Rxh6  59. Rxh6  Kxh6
60. Kh2  Kg6  1/2-1/2